[Event "14th Reykjavik op"]
[Site "Reykjavik ISL"]
[Date "1990.03.25"]
[Round "8"]
[White "Mortensen, Erling"]
[Black "Browne, Walter Shawn"]
[Result "1-0"]
[WhiteElo "2480"]
[BlackElo "2560"]
[EventDate "1990.03.17"]
[PlyCount "62"]

1.e4 c5 2.Nc3 d6 3.Nge2 Nf6 4.d4 cxd4 5.Nxd4 a6 6.Bc4 e6 7.Bb3 Nbd7 8.f4 
Nc5 9.f5 Be7 10.Qf3 e5 11.Nde2 Nxb3 12.axb3 b5 13.Bg5 Bb7 14.Bxf6 Bxf6 15.
O-O-O O-O 16.Nd5 a5 17.Nec3 a4 18.b4 a3 19.b3 Rc8 20.Kb1 Kh8 21.h4 Qd7 22.
Qd3 Rc6 23.Nxb5 Ba6 24.c4 a2+ 25.Ka1 Bxb5 26.cxb5 Rcc8 27.Rc1 Qa7 28.b6 
Qa3 29.Rc7 Bxh4 30.Qc2 Bf2 31.Qxf2 Qxb3 1-0

[Event "14th Reykjavik op"]
[Site "Reykjavik ISL"]
[Date "1990.03.25"]
[Round "8"]
[White "Bronstein, David"]
[Black "Makarichev, Sergei"]
[Result "1/2-1/2"]
[WhiteElo "2445"]
[BlackElo "2510"]
[EventDate "1990.03.17"]
[PlyCount "34"]

1.d4 e6 2.e4 d5 3.Nd2 c5 4.dxc5 Bxc5 5.Nb3 Bb6 6.Bb5+ Nc6 7.exd5 exd5 8.a4
Ne7 9.Ne2 O-O 10.O-O Bg4 11.Kh1 a6 12.Bd3 Ne5 13.a5 Ba7 14.f3 Bf5 15.Ned4 
Bxd3 16.cxd3 N7c6 17.Be3 Re8 1/2-1/2

[Event "14th Reykjavik op"]
[Site "Reykjavik ISL"]
[Date "1990.03.25"]
[Round "8"]
[White "Tukmakov, Vladimir"]
[Black "Ernst, Thomas"]
[Result "1/2-1/2"]
[WhiteElo "2570"]
[BlackElo "2450"]
[EventDate "1990.03.17"]
[PlyCount "174"]

1.d4 Nf6 2.Nf3 g6 3.c4 Bg7 4.Nc3 d5 5.Qb3 dxc4 6.Qxc4 O-O 7.e4 Bg4 8.Ne5 
Be6 9.d5 Bc8 10.Be2 e6 11.Bf4 exd5 12.exd5 Ne8 13.O-O Nd6 14.Qd3 Re8 15.
Nc4 Bf5 16.Qd2 Nxc4 17.Bxc4 Nd7 18.Rfe1 Nb6 19.Bb3 Qd7 20.a4 a5 21.Nb5 c6 
22.Rxe8+ Rxe8 23.Nd6 Rf8 24.dxc6 bxc6 25.Qxa5 Nd5 26.Bxd5 cxd5 27.Qb6 Be6 
28.Nb7 d4 29.Nc5 Qd5 30.a5 d3 31.Be3 d2 32.Rd1 Qc4 33.Qa6 Qxa6 34.Nxa6 
Bxb2 35.Nc7 Bc3 36.Nxe6 fxe6 37.a6 Ra8 38.a7 e5 39.g4 Bd4 40.Bxd4 exd4 41.
Rxd2 Rxa7 42.Rxd4 Ra5 43.h4 Kg7 44.Rd7+ Kg8 45.Kg2 Rb5 46.Kg3 Rc5 47.Re7 
h6 48.f3 Rc4 49.Re4 Rc5 50.Ra4 Rc7 51.Kf4 Kg7 52.Ra5 Re7 53.Re5 Ra7 54.Re6
Ra4+ 55.Re4 Ra7 56.Rd4 Rf7+ 57.Ke4 Re7+ 58.Kd3 Re1 59.Rd7+ Kg8 60.Rd5 Rd1+
61.Ke4 Re1+ 62.Kd4 Rf1 63.Ke4 Re1+ 64.Kf4 Re7 65.Re5 Ra7 66.Ke4 Ra4+ 67.
Ke3 Ra3+ 68.Kf2 Kg7 69.f4 Ra2+ 70.Kf3 Ra3+ 71.Re3 Ra4 72.Re7+ Kg8 73.h5 
gxh5 74.gxh5 Ra5 75.Kg4 Rb5 76.Re5 Rb7 77.Kf5 Kg7 78.Rd5 Rf7+ 79.Ke5 Re7+ 
80.Kf5 Rf7+ 81.Kg4 Ra7 82.Rd6 Ra5 83.Rg6+ Kh7 84.f5 Ra4+ 85.Kg3 Ra5 86.Kf4
Ra4+ 87.Ke5 Ra5+ 1/2-1/2

[Event "14th Reykjavik op"]
[Site "Reykjavik ISL"]
[Date "1990.03.27"]
[Round "9"]
[White "Ivanov, Alexander"]
[Black "Thorsteins, Karl"]
[Result "0-1"]
[WhiteElo "2520"]
[BlackElo "2455"]
[EventDate "1990.03.17"]
[PlyCount "80"]

1.e4 c5 2.Nf3 e6 3.d4 cxd4 4.Nxd4 Nf6 5.Nc3 d6 6.f4 a6 7.Qf3 Qb6 8.Nb3 Qc7
9.Bd3 b5 10.a4 b4 11.Nd1 Nbd7 12.Nf2 Bb7 13.Bd2 a5 14.O-O Be7 15.c3 bxc3 
16.Bxc3 O-O 17.Qh3 e5 18.Rac1 Qd8 19.Bb5 exf4 20.Rfd1 Qb6 21.Bd4 Nc5 22.
Qf5 Bc8 23.Qxf4 Be6 24.Rc3 Rfd8 25.Nd2 Nh5 26.Qf3 Nf6 27.b3 Qb7 28.e5 Qxf3
29.Rxf3 dxe5 30.Bxe5 Ng4 31.Bc7 Rd4 32.Nc4 Rxd1+ 33.Nxd1 Ne4 34.Nde3 Bc5 
35.Bb6 Ne5 36.Nxe5 Bxb6 37.Nc4 Bxc4 38.Bxc4 Nd2 39.Rg3 Nxc4 40.bxc4 f5 0-1

[Event "14th Reykjavik op"]
[Site "Reykjavik ISL"]
[Date "1990.03.27"]
[Round "9"]
[White "Makarichev, Sergei"]
[Black "Gausel, Einar"]
[Result "1/2-1/2"]
[WhiteElo "2510"]
[BlackElo "2440"]
[EventDate "1990.03.17"]
[PlyCount "100"]

1.c4 g6 2.Nc3 Bg7 3.g3 Nc6 4.Bg2 d6 5.Rb1 e5 6.b4 a6 7.d3 Nge7 8.e3 O-O 9.
Nge2 Rb8 10.O-O b5 11.cxb5 axb5 12.a4 Na7 13.d4 Bg4 14.h3 exd4 15.Nxb5 
Bxe2 16.Qxe2 Nxb5 17.axb5 Qd7 18.Bb2 Rxb5 19.Bxd4 Bxd4 20.exd4 Rfb8 21.
Rfe1 Nd5 22.Rbc1 c6 23.Qc4 R8b6 24.Bxd5 Rxd5 25.h4 Rdb5 26.Rb1 h5 27.Re3 
Qf5 28.Rbb3 Qd5 29.Qxd5 Rxd5 30.Re7 Rf5 31.Rc7 Rf6 32.Kg2 Kf8 33.Rb2 Re6 
34.Rxc6 Rxc6 35.d5 Rb6 36.dxe6 fxe6 37.Kf3 Rb5 38.Ke4 Ke7 39.Kd4 Kd7 40.
Kc4 Kc6 41.Ra2 d5+ 42.Kc3 e5 43.Ra8 Rb6 44.Rg8 Kd7 45.Rg7+ Kd8 46.b5 Rxb5 
47.Rxg6 d4+ 48.Kc4 Rb2 49.Re6 Rc2+ 50.Kd3 Rxf2 1/2-1/2

[Event "14th Reykjavik op"]
[Site "Reykjavik ISL"]
[Date "1990.03.27"]
[Round "9"]
[White "Tangborn, Eric"]
[Black "Hellers, Ferdinand"]
[Result "1/2-1/2"]
[WhiteElo "2355"]
[BlackElo "2525"]
[EventDate "1990.03.17"]
[PlyCount "124"]

1.d4 Nf6 2.Nf3 g6 3.Bg5 Bg7 4.Nbd2 O-O 5.e4 d5 6.Bd3 dxe4 7.Nxe4 Nxe4 8.
Bxe4 Nd7 9.c3 Nf6 10.Bd3 c5 11.dxc5 Qc7 12.O-O Qxc5 13.Be3 Qc7 14.Bd4 Re8 
15.Re1 Bg4 16.Be5 Qb6 17.h3 Be6 18.Nd4 Bd5 19.Nb5 Nd7 20.Bxg7 Kxg7 21.Bf1 
Nf6 22.Qd4 Qxd4 23.cxd4 Rac8 24.Nxa7 Ra8 25.Nb5 Rxa2 26.Rxa2 Bxa2 27.Nc3 
Be6 28.Na4 Kf8 29.Nc5 Bd5 30.Ra1 Rd8 31.Bb5 Rd6 32.Ra4 Rb6 33.Ra5 Rd6 34.
Ra4 Kg7 35.Rb4 Rb6 36.Na4 Re6 37.Nc3 Re1+ 38.Kh2 e6 39.Bd3 Bc6 40.Bb5 Nd5 
41.Rb3 g5 42.Bxc6 bxc6 43.g3 h5 44.Kg2 g4 45.hxg4 hxg4 46.Nxd5 cxd5 47.Rd3
Re2 48.b3 Kg6 49.Kf1 Ra2 50.Ke1 Kf5 51.Re3 f6 52.f4 Rg2 53.Kd1 Kg6 54.Kc1 
Kf7 55.b4 Ra2 56.Rb3 Ke7 57.b5 Kd7 58.b6 Kc8 59.Re3 Rg2 60.Rxe6 Rxg3 61.
Rxf6 Rf3 62.Kd2 g3 1/2-1/2

[Event "14th Reykjavik op"]
[Site "Reykjavik ISL"]
[Date "1990.03.27"]
[Round "9"]
[White "Tisdall, Jonathan"]
[Black "Einarsson, Halldor"]
[Result "1/2-1/2"]
[WhiteElo "2480"]
[BlackElo "2280"]
[EventDate "1990.03.17"]
[PlyCount "84"]

1.d4 Nf6 2.c4 g6 3.Nc3 d5 4.Nf3 Bg7 5.cxd5 Nxd5 6.Qb3 Be6 7.Ng5 Nxc3 8.
Nxe6 fxe6 9.bxc3 Qd5 10.e3 O-O 11.Qxd5 exd5 12.Ba3 Re8 13.Rb1 b6 14.c4 e6 
15.Rc1 c6 16.h4 Nd7 17.cxd5 exd5 18.Ba6 Bxd4 19.Bb7 Rad8 20.O-O Bc5 21.
Bxc5 Nxc5 22.Bxc6 Re6 23.Bb5 Re4 24.Rfd1 Rxh4 25.Bc6 Rh5 26.f4 Kf8 27.Rc3 
Rf5 28.g4 Rf6 29.Rxd5 Rfd6 30.Rxd6 Rxd6 31.Bf3 Rd2 32.a3 Ke7 33.g5 Kd6 34.
Kf1 a5 35.Ke1 Rb2 36.Kd1 b5 37.e4 Ne6 38.e5+ Ke7 39.Bg4 b4 40.Rc6 Nxf4 41.
Rc7+ Kd8 42.Rc8+ 1/2-1/2

[Event "14th Reykjavik op"]
[Site "Reykjavik ISL"]
[Date "1990.03.27"]
[Round "9"]
[White "Howell, James"]
[Black "Hansson, Dan"]
[Result "1/2-1/2"]
[WhiteElo "2450"]
[BlackElo "2270"]
[EventDate "1990.03.17"]
[PlyCount "50"]

1.e4 c5 2.Nf3 d6 3.d4 cxd4 4.Nxd4 Nf6 5.Nc3 a6 6.Bc4 e6 7.O-O Be7 8.Bb3 
O-O 9.f4 b5 10.e5 dxe5 11.fxe5 Nfd7 12.Qh5 Nc6 13.Nxc6 Qb6+ 14.Be3 Qxc6 
15.Rf3 Bb7 16.Rg3 Bc5 17.Re1 Rad8 18.Qh6 g6 19.Bd5 exd5 20.Rh3 Rfe8 21.
Qxh7+ Kf8 22.Qh6+ Ke7 23.Qg5+ Ke6 24.Qg4+ Ke7 25.Qg5+ 1/2-1/2

[Event "14th Reykjavik op"]
[Site "Reykjavik ISL"]
[Date "1990.03.27"]
[Round "9"]
[White "Arkell, Susan"]
[Black "Hoei, Carsten"]
[Result "0-1"]
[WhiteElo "2270"]
[BlackElo "2445"]
[EventDate "1990.03.17"]
[PlyCount "104"]

1.e4 d6 2.d4 Nf6 3.Nc3 g6 4.Be2 Bg7 5.Nf3 O-O 6.O-O Bg4 7.h3 Bxf3 8.Bxf3 
Nc6 9.Ne2 e5 10.c3 Re8 11.d5 Ne7 12.c4 Nd7 13.Nc3 Kh8 14.g3 f5 15.Bg2 a5 
16.b3 Ng8 17.Rb1 f4 18.Ne2 g5 19.g4 h5 20.f3 Ngf6 21.a3 Qb8 22.b4 axb4 23.
axb4 Qa7+ 24.Rf2 Kh7 25.Bf1 hxg4 26.hxg4 Kg6 27.Qc2 Rh8 28.Bg2 Rh4 29.Bd2 
Rah8 30.Rc1 Bf8 31.Bc3 Rh2 32.Be1 Nxg4 33.fxg4 Nf6 34.c5 Nxg4 35.Rf3 dxc5 
36.bxc5 Qa6 37.Bf2 Qf6 38.Kf1 Rxg2 39.Kxg2 Rh2+ 40.Kf1 Rxf2+ 41.Rxf2 Ne3+ 
42.Ke1 Nxc2+ 43.Rxc2 Qa6 44.Rh2 Qa5+ 45.Kf2 g4 46.c6 g3+ 47.Nxg3 fxg3+ 48.
Kxg3 Qe1+ 49.Rcf2 bxc6 50.Rg2 Bh6 51.Kh4+ Kh7 52.dxc6 Be3 0-1

[Event "14th Reykjavik op"]
[Site "Reykjavik ISL"]
[Date "1990.03.27"]
[Round "9"]
[White "Wedberg, Tomas"]
[Black "Gudmundsson, Kristjan"]
[Result "1-0"]
[WhiteElo "2485"]
[BlackElo "2210"]
[EventDate "1990.03.17"]
[PlyCount "82"]

1.e4 c5 2.Nf3 d6 3.d4 cxd4 4.Nxd4 Nf6 5.Nc3 a6 6.Be3 e5 7.Nb3 Be6 8.f3 
Nbd7 9.g4 Nb6 10.g5 Nh5 11.Qd2 Rc8 12.O-O-O Be7 13.Rg1 O-O 14.Kb1 g6 15.
Qf2 Nc4 16.Bxc4 Bxc4 17.Qd2 Qc7 18.Rg2 Kh8 19.Na4 Be6 20.Nb6 Rcd8 21.Qf2 
Rb8 22.h4 f6 23.Rh2 fxg5 24.hxg5 Rf7 25.Nd2 Rbf8 26.c4 Qc6 27.Nd5 Bd8 28.
Rc1 b5 29.Qe2 Qb7 30.Qd3 Bxd5 31.cxd5 Ba5 32.Qa3 Bxd2 33.Bxd2 b4 34.Qxb4 
Qe7 35.Qb6 Rxf3 36.Rc7 Qd8 37.Qb7 Rf1+ 38.Kc2 Kg8 39.Rxh5 gxh5 40.Rg7+ Kh8
41.Rxh7+ 1-0

[Event "14th Reykjavik op"]
[Site "Reykjavik ISL"]
[Date "1990.03.27"]
[Round "9"]
[White "Arkell, Keith"]
[Black "Kristjansson, Olafur"]
[Result "1-0"]
[WhiteElo "2460"]
[BlackElo "2215"]
[EventDate "1990.03.17"]
[PlyCount "59"]

1.d4 Nf6 2.c4 e6 3.Nf3 b6 4.g3 Ba6 5.b3 b5 6.cxb5 Bxb5 7.Bg2 c5 8.O-O Bc6 
9.Ba3 Na6 10.Nbd2 cxd4 11.Bxf8 Kxf8 12.Nc4 Bxf3 13.Bxf3 d5 14.Qxd4 Ke7 15.
Ne5 Qb6 16.Qh4 Rac8 17.Ng4 h6 18.Nxf6 gxf6 19.Rac1 Qb4 20.e4 dxe4 21.Bxe4 
Rxc1 22.Rxc1 Qd2 23.Rc6 Qe2 24.Kg2 Rd8 25.Bf3 Qxa2 26.Qxh6 Nb8 27.Rc7+ Nd7
28.Qe3 a5 29.Qc5+ Ke8 30.Qd6 1-0

[Event "14th Reykjavik op"]
[Site "Reykjavik ISL"]
[Date "1990.03.27"]
[Round "9"]
[White "Olafsson, David"]
[Black "Winsnes, Rikard"]
[Result "0-1"]
[WhiteElo "2260"]
[BlackElo "2385"]
[EventDate "1990.03.17"]
[PlyCount "70"]

1.e4 e6 2.d4 d5 3.e5 c5 4.c3 Nc6 5.Bd3 cxd4 6.cxd4 Qb6 7.Ne2 Bd7 8.Bc2 f6 
9.f4 O-O-O 10.Nbc3 g5 11.Na4 Qc7 12.O-O gxf4 13.exf6 Bd6 14.Bxf4 Rf8 15.f7
Rxf7 16.Bxd6 Rxf1+ 17.Qxf1 Qxd6 18.Rc1 Nh6 19.Qf3 Rf8 20.Qh5 Nf5 21.Bxf5 
Rxf5 22.Qxh7 b6 23.a3 Kb7 24.Nac3 a6 25.b4 e5 26.Ng3 Rf4 27.dxe5 Nxe5 28.
Rd1 Rf7 29.Qh5 Bg4 30.Rxd5 Qf6 31.Nce4 Nf3+ 32.gxf3 Qa1+ 33.Kg2 Bxh5 34.
Nxh5 Qxa3 35.Nhf6 Rxf6 0-1

[Event "14th Reykjavik op"]
[Site "Reykjavik ISL"]
[Date "1990.03.27"]
[Round "9"]
[White "Brendel, Oliver"]
[Black "Arnason, Throestur"]
[Result "0-1"]
[WhiteElo "2360"]
[BlackElo "2235"]
[EventDate "1990.03.17"]
[PlyCount "62"]

1.e4 e6 2.d4 d5 3.Nc3 Nf6 4.Bg5 Be7 5.Bxf6 Bxf6 6.Nf3 O-O 7.Qd2 c5 8.exd5 
exd5 9.O-O-O c4 10.Ne5 a6 11.Be2 Ra7 12.f4 b5 13.Bf3 Bb7 14.Kb1 Qd6 15.g4 
Nd7 16.g5 Bd8 17.Nxd7 Qxd7 18.Qg2 Ba5 19.Nxd5 Bxd5 20.Bxd5 Qd6 21.f5 Rd8 
22.Bc6 Rc7 23.Be4 c3 24.a3 cxb2 25.Rd3 Rc3 26.Rxc3 Bxc3 27.Ka2 Qxd4 28.Bd3
Qa4 29.f6 b4 30.Bxh7+ Kh8 31.fxg7+ Kxg7 0-1

[Event "14th Reykjavik op"]
[Site "Reykjavik ISL"]
[Date "1990.03.27"]
[Round "9"]
[White "Vidarsson, Jon"]
[Black "Thorsteinsson, Arnar"]
[Result "1/2-1/2"]
[WhiteElo "2290"]
[BlackElo "2245"]
[EventDate "1990.03.17"]
[PlyCount "124"]

1.e4 c5 2.Nf3 d6 3.d4 cxd4 4.Nxd4 Nf6 5.Nc3 g6 6.Be3 Bg7 7.f3 O-O 8.Qd2 
Nc6 9.O-O-O d5 10.exd5 Nxd5 11.Nxc6 bxc6 12.Nxd5 cxd5 13.h4 Rb8 14.b3 Qd6 
15.Kb1 Bf5 16.Bd3 Qf6 17.c3 Rfc8 18.Bg5 Qa6 19.Bxf5 Rxc3 20.Bc2 Qa3 21.
Rde1 Re3 22.Bd1 Rd3 23.Bxe7 Qxe7 24.Rxe7 Rxd2 25.Re2 Rd4 26.Bc2 h5 27.g3 
Kf8 28.Rd1 Rxd1+ 29.Bxd1 Re8 30.Rd2 d4 31.Kc2 Rc8+ 32.Kd3 Ke7 33.Rc2 Rc3+ 
34.Rxc3 dxc3 35.b4 Be5 36.f4 Bc7 37.g4 hxg4 38.Bxg4 f5 39.Bf3 Bxf4 40.Kxc3
Bg3 41.h5 g5 42.Kd3 Kf6 43.Bc6 g4 44.h6 Be5 45.h7 Kg6 46.Bd7 g3 47.Ke2 f4 
48.Kf3 Kxh7 49.Bc6 Kg6 50.b5 Bc7 51.Bb7 Kf5 52.Bc6 Ke5 53.Be8 Kd4 54.Bd7 
Kd3 55.Bc6 Kd2 56.Bd5 Kd1 57.Kg2 Ke2 58.Bc6 Kd3 59.Kf3 Kc3 60.Bd7 Kb2 61.
Be6 Kc3 62.Bd5 1/2-1/2

[Event "14th Reykjavik op"]
[Site "Reykjavik ISL"]
[Date "1990.03.27"]
[Round "9"]
[White "Sigurpalsson, Runar"]
[Black "Lamm, Steffen"]
[Result "1/2-1/2"]
[WhiteElo "2220"]
[BlackElo "2280"]
[EventDate "1990.03.17"]
[PlyCount "42"]

1.e4 d6 2.d4 Nf6 3.Nc3 g6 4.f4 Bg7 5.Nf3 O-O 6.Bd3 Nc6 7.e5 dxe5 8.fxe5 
Nh5 9.Be3 f6 10.e6 f5 11.d5 Bxc3+ 12.bxc3 Qxd5 13.O-O f4 14.Bf2 Bxe6 15.
Qe2 Ng7 16.Rfd1 Qa5 17.Nd4 Bd5 18.Nxc6 bxc6 19.Qxe7 Rfe8 20.Qf6 Rf8 21.Qe7
Rfe8 1/2-1/2

[Event "14th Reykjavik op"]
[Site "Reykjavik ISL"]
[Date "1990.03.27"]
[Round "9"]
[White "Briem, Stefan"]
[Black "Karason, Askell Oern"]
[Result "0-1"]
[WhiteElo "2215"]
[BlackElo "2250"]
[EventDate "1990.03.17"]
[PlyCount "72"]

1.f4 Nf6 2.Nf3 g6 3.g3 b6 4.Bg2 Bb7 5.d3 d5 6.O-O Bg7 7.c3 O-O 8.a4 a6 9.
b4 Nbd7 10.Ne5 c5 11.d4 cxb4 12.cxb4 Ne4 13.Bb2 Rc8 14.Qd3 Ndf6 15.b5 a5 
16.Nd2 Nxd2 17.Qxd2 Ne4 18.Qd3 f6 19.Ng4 Qd7 20.Ne3 e6 21.Rac1 Rxc1 22.
Rxc1 Rc8 23.Qb3 f5 24.Rxc8+ Qxc8 25.Bxe4 dxe4 26.Qc3 Qd8 27.Kf2 h6 28.Nc4 
g5 29.fxg5 hxg5 30.Ne5 f4 31.Nc6 Qf6 32.Ke1 Qh6 33.Ne7+ Kh7 34.Qc7 Qxh2 
35.Qxb7 Qh1+ 36.Kd2 e3+ 0-1

[Event "14th Reykjavik op"]
[Site "Reykjavik ISL"]
[Date "1990.03.27"]
[Round "9"]
[White "Vaganian, Rafael"]
[Black "Sokolov, Andrei"]
[Result "1/2-1/2"]
[WhiteElo "2605"]
[BlackElo "2585"]
[EventDate "1990.03.17"]
[PlyCount "36"]

1.d4 Nf6 2.c4 e6 3.Nc3 Bb4 4.Qc2 O-O 5.a3 Bxc3+ 6.Qxc3 b6 7.Bg5 Bb7 8.Nh3 
h6 9.Bh4 Re8 10.f3 d5 11.e3 Nbd7 12.Bd3 c5 13.cxd5 cxd4 14.Qxd4 e5 15.Qb4 
Nc5 16.Bc4 g5 17.Bg3 Nxd5 18.Qd2 b5 1/2-1/2

[Event "14th Reykjavik op"]
[Site "Reykjavik ISL"]
[Date "1990.03.27"]
[Round "9"]
[White "Ernst, Thomas"]
[Black "Geller, Efim"]
[Result "1-0"]
[WhiteElo "2450"]
[BlackElo "2515"]
[EventDate "1990.03.17"]
[PlyCount "65"]

1.e4 e5 2.Nf3 Nc6 3.Bb5 a6 4.Ba4 Nf6 5.O-O Be7 6.Re1 b5 7.Bb3 O-O 8.c3 d5 
9.exd5 Nxd5 10.Nxe5 Nxe5 11.Rxe5 c6 12.d4 Bd6 13.Re1 Qh4 14.g3 Qh3 15.Be3 
Bg4 16.Qd3 Rae8 17.Nd2 Re6 18.a4 bxa4 19.Rxa4 g5 20.Qf1 Qh5 21.Bxd5 cxd5 
22.Rxa6 f5 23.f3 Bh3 24.Qb5 f4 25.Qxd5 Qf7 26.Rxd6 fxe3 27.Rxe3 Rxe3 28.
Qxg5+ Kh8 29.Qxe3 Re8 30.Qg5 Qa7 31.Qf6+ Kg8 32.Ra6 Qb7 33.Ra5 1-0

[Event "14th Reykjavik op"]
[Site "Reykjavik ISL"]
[Date "1990.03.27"]
[Round "9"]
[White "Browne, Walter Shawn"]
[Black "Bewersdorff, Oliver"]
[Result "1-0"]
[WhiteElo "2560"]
[BlackElo "2325"]
[EventDate "1990.03.17"]
[PlyCount "57"]

1.d4 Nf6 2.c4 g6 3.Nc3 Bg7 4.e4 O-O 5.Nf3 c6 6.Bd3 d5 7.e5 Ne8 8.cxd5 cxd5
9.h3 Nc6 10.O-O f6 11.exf6 Nxf6 12.Re1 Nh5 13.Be3 Nf4 14.Bf1 a6 15.Rc1 Kh8
16.Na4 Qd6 17.Nb6 Rb8 18.Nxc8 Rbxc8 19.g3 Ne6 20.Bg2 Rcd8 21.Rc2 Rxf3 22.
Bxf3 Nexd4 23.Rd2 Nxf3+ 24.Qxf3 Ne5 25.Qd1 Nc4 26.Rde2 Nxb2 27.Qb3 Nc4 28.
Bg5 Ne5 29.Bf4 1-0

[Event "14th Reykjavik op"]
[Site "Reykjavik ISL"]
[Date "1990.03.27"]
[Round "9"]
[White "Azmaiparashvili, Zurab"]
[Black "Arnason, Jon"]
[Result "0-1"]
[WhiteElo "2610"]
[BlackElo "2500"]
[EventDate "1990.03.17"]
[PlyCount "82"]

1.c4 c5 2.Nf3 Nc6 3.d4 cxd4 4.Nxd4 Nf6 5.Nc3 Qb6 6.Nb3 e6 7.g3 Ne5 8.e4 
Bb4 9.Qe2 d6 10.f4 Nc6 11.Be3 Bxc3+ 12.bxc3 Qc7 13.Bg2 O-O 14.c5 dxc5 15.
Bxc5 Rd8 16.e5 Na5 17.Qb5 Nxb3 18.axb3 Bd7 19.Qb4 Bc6 20.Bd6 Qd7 21.O-O 
Bxg2 22.Kxg2 Qc6+ 23.Rf3 Ne4 24.Rd1 b5 25.c4 a6 26.c5 a5 27.Qd4 Nxc5 28.
Qc3 b4 29.Qc4 Rac8 30.Ra1 Qa8 31.f5 exf5 32.Qf4 Ne6 33.Qxf5 Nd4 34.Qxf7+ 
Kh8 35.Rf1 Nxf3 36.Rxf3 Rc3 37.Kf2 Rxf3+ 38.Qxf3 Qxf3+ 39.Kxf3 a4 40.Ke3 
axb3 41.Kd2 Rc8 0-1

[Event "14th Reykjavik op"]
[Site "Reykjavik ISL"]
[Date "1990.03.28"]
[Round "10"]
[White "Dolmatov, Sergei"]
[Black "Olafsson, Helgi"]
[Result "1/2-1/2"]
[WhiteElo "2620"]
[BlackElo "2575"]
[EventDate "1990.03.17"]
[PlyCount "152"]

1.e4 e5 2.Nf3 Nc6 3.Bb5 a6 4.Ba4 Nf6 5.O-O Be7 6.Re1 b5 7.Bb3 d6 8.c3 O-O 
9.h3 Bb7 10.d4 Re8 11.Nbd2 Bf8 12.Bc2 Nb8 13.a4 Nbd7 14.Bd3 exd4 15.cxd4 
c5 16.axb5 axb5 17.Rxa8 Bxa8 18.dxc5 Nxc5 19.Bxb5 Re7 20.Nd4 Ncxe4 21.Nxe4
Nxe4 22.Be3 Qc8 23.Qa4 Rc7 24.Bf1 h6 25.b4 Bb7 26.b5 d5 27.Nb3 Nd6 28.Na5 
Ba8 29.b6 Rc2 30.Rb1 Rc3 31.Bd4 Rc1 32.Rxc1 Qxc1 33.Qd7 Qd2 34.Nb3 Qc2 35.
Qd8 Bc6 36.Na5 Nb7 37.Nxb7 Bxb7 38.Qb8 Qc8 39.Qg3 Qc6 40.Bd3 Qd6 41.Qg4 g6
42.Qe2 Bg7 43.Qe8+ Qf8 44.Qe3 Bxd4 45.Qxd4 Qd6 46.f4 Kf8 47.f5 gxf5 48.
Bxf5 Ke7 49.Kh1 Kf8 50.Bd3 Ke7 51.Bb5 Qf6 52.Qe3+ Qe6 53.Qa3+ Kf6 54.Qc3+ 
Qe5 55.Qc1 Kg7 56.Qc7 Qxc7 57.bxc7 Bc8 58.Kh2 Kf6 59.Kg3 Kg5 60.Bd3 d4 61.
Bc2 Kf6 62.Kh4 Ke5 63.Kh5 Kd6 64.Kxh6 Kxc7 65.h4 Bg4 66.h5 Be2 67.Kg5 d3 
68.Bb3 d2 69.h6 Bd3 70.Kf6 Bg6 71.g4 Kd6 72.g5 Kc5 73.Kg7 Kd4 74.h7 Bxh7 
75.Kxh7 Ke5 76.Kh6 Kf4 1/2-1/2

[Event "14th Reykjavik op"]
[Site "Reykjavik ISL"]
[Date "1990.03.28"]
[Round "10"]
[White "Gausel, Einar"]
[Black "Ernst, Thomas"]
[Result "0-1"]
[WhiteElo "2440"]
[BlackElo "2450"]
[EventDate "1990.03.17"]
[PlyCount "126"]

1.d4 Nf6 2.Nf3 g6 3.Bg5 Bg7 4.Nbd2 c5 5.Bxf6 Bxf6 6.Ne4 Qb6 7.Nxf6+ Qxf6 
8.c3 cxd4 9.cxd4 O-O 10.e3 d5 11.Qb3 Rd8 12.Be2 Nc6 13.O-O Bg4 14.h3 Bxf3 
15.Bxf3 Qd6 16.Rfc1 Rab8 17.Rc5 e6 18.Rac1 Rdc8 19.Qa4 a6 20.b4 Kg7 21.Be2
Ne7 22.R1c3 Rc6 23.Qc2 Rbc8 24.a4 Kg8 25.Qb2 R6c7 26.Rc2 h6 27.Bd3 Qd7 28.
Qa1 Qd6 29.Qc1 Rc6 30.e4 Kg7 31.e5 Qd8 32.Qf4 Rxc5 33.Rxc5 Nc6 34.b5 axb5 
35.axb5 Na7 36.b6 Nc6 37.h4 Ra8 38.Rc3 g5 39.Qe3 gxh4 40.Bb5 Qxb6 41.Bxc6 
bxc6 42.Rb3 Qd8 43.Rb7 Qg5 44.Qf3 Qg6 45.Kh2 Ra4 46.Qd1 Rc4 47.Rb3 Qe4 48.
Rd3 c5 49.dxc5 Qf4+ 50.Kh3 Qxf2 51.Rf3 Qxc5 52.Qd2 Qd4 53.Qe1 Qg4+ 54.Kh2 
Qe4 55.Qa1 Rc2 56.Kh3 h5 57.Qf1 Rc7 58.Qa1 d4 59.Qf1 Qxe5 60.Kxh4 Rc3 61.
Rxf7+ Kg6 62.Rf3 Rxf3 63.Qxf3 Qh2+ 0-1

[Event "14th Reykjavik op"]
[Site "Reykjavik ISL"]
[Date "1990.03.28"]
[Round "10"]
[White "Hoei, Carsten"]
[Black "Tangborn, Eric"]
[Result "1/2-1/2"]
[WhiteElo "2445"]
[BlackElo "2355"]
[EventDate "1990.03.17"]
[PlyCount "66"]

1.d4 Nf6 2.Nf3 e6 3.e3 c5 4.Bd3 b6 5.O-O Bb7 6.c4 Be7 7.Nc3 a6 8.b3 d6 9.
Bb2 Nbd7 10.a4 cxd4 11.exd4 O-O 12.d5 e5 13.Ng5 g6 14.Nh3 Nh5 15.f4 Nxf4 
16.Nxf4 exf4 17.Rxf4 Ne5 18.Bc2 Bc8 19.Ne2 Bg5 20.Bxe5 dxe5 21.Rf1 a5 22.
Kh1 Bg4 23.Qe1 Bxe2 24.Qxe2 Qd6 25.Qg4 Be3 26.Rae1 Bd4 27.h4 Kh8 28.h5 f5 
29.Qh3 e4 30.g4 fxg4 31.Qxg4 Rxf1+ 32.Rxf1 Rf8 33.Qe2 1/2-1/2

[Event "14th Reykjavik op"]
[Site "Reykjavik ISL"]
[Date "1990.03.28"]
[Round "10"]
[White "Karason, Askell Oern"]
[Black "Wessman, Richard"]
[Result "0-1"]
[WhiteElo "2250"]
[BlackElo "2505"]
[EventDate "1990.03.17"]
[PlyCount "70"]

1.d4 Nf6 2.c4 g6 3.Nc3 Bg7 4.e4 d6 5.Be2 O-O 6.Bg5 c5 7.dxc5 Qa5 8.Bd2 
Qxc5 9.Nf3 Bg4 10.Be3 Qa5 11.O-O Nc6 12.Nd4 Bxe2 13.Ndxe2 Rfc8 14.Qd2 a6 
15.f3 b5 16.cxb5 axb5 17.a4 bxa4 18.Rxa4 Qc7 19.b4 Ne5 20.Qa2 Rxa4 21.Qxa4
e6 22.b5 Nfd7 23.Qa7 Qd8 24.Rd1 Nc4 25.b6 Nxe3 26.b7 Nxd1 27.bxc8=Q Qxc8 
28.Nxd1 Qc2 29.Kf2 Nc5 30.Qb8+ Bf8 31.Nc3 Qd2 32.Qb1 h5 33.g3 Bg7 34.Nb5 
Nd3+ 35.Kf1 Qe3 0-1

[Event "14th Reykjavik op"]
[Site "Reykjavik ISL"]
[Date "1990.03.28"]
[Round "10"]
[White "Hellers, Ferdinand"]
[Black "Bergsson, Snorri"]
[Result "1/2-1/2"]
[WhiteElo "2525"]
[BlackElo "2230"]
[EventDate "1990.03.17"]
[PlyCount "100"]

1.e4 e6 2.d4 d5 3.Nc3 Bb4 4.e5 c5 5.a3 Bxc3+ 6.bxc3 Ne7 7.Nf3 b6 8.a4 Ba6 
9.Bb5+ Bxb5 10.axb5 c4 11.Ba3 Qd7 12.O-O h6 13.Qb1 g5 14.h4 g4 15.Nh2 Rg8 
16.h5 Nf5 17.Qd1 Qd8 18.Nxg4 Nd7 19.Ne3 Qg5 20.Qf3 Nh4 21.Qg3 f5 22.exf6 
Nxf6 23.Qxg5 Rxg5 24.f3 Nxh5 25.Kf2 Nf4 26.g4 Nhg6 27.Rh1 h5 28.Bc1 hxg4 
29.fxg4 Kf7 30.Rxa7+ Rxa7 31.Rh7+ Kf6 32.Rxa7 Nh3+ 33.Kg3 Ng1 34.Bd2 Nh4 
35.Ng2 Nf5+ 36.Kf2 Nh3+ 37.Kf3 Ng1+ 38.Kf2 Rxg4 39.Rh7 Ne2 40.Ne3 Nxe3 41.
Kxe3 Re4+ 42.Kf2 Nf4 43.Kf3 Ng6 44.Rb7 Nh4+ 45.Kf2 Rg4 46.Be1 Nf5 47.Rxb6 
Rh4 48.Bd2 Rh2+ 49.Ke1 Rh1+ 50.Kf2 1/2-1/2

[Event "14th Reykjavik op"]
[Site "Reykjavik ISL"]
[Date "1990.03.28"]
[Round "10"]
[White "Arnason, Throestur"]
[Black "Ivanov, Alexander"]
[Result "1-0"]
[WhiteElo "2235"]
[BlackElo "2520"]
[EventDate "1990.03.17"]
[PlyCount "66"]

1.d4 g6 2.c4 Bg7 3.g3 c5 4.d5 Qa5+ 5.Bd2 Qb6 6.Nc3 Qxb2 7.Rc1 d6 8.Nb5 Na6
9.Qa4 Bd7 10.Rc2 Qa1+ 11.Rc1 Qb2 12.Rc2 Qe5 13.Bh3 f5 14.Bc3 Qxc3+ 15.Rxc3
Bxc3+ 16.Kd1 Bf6 17.e4 Nh6 18.exf5 gxf5 19.Ne2 O-O 20.Nf4 Nc7 21.Qb3 Nxb5 
22.cxb5 c4 23.Qe3 Be5 24.f3 a6 25.b6 Rac8 26.Nh5 Nf7 27.f4 Bb2 28.Kc2 Bh8 
29.g4 Rc5 30.gxf5 Nh6 31.Qxe7 Ba4+ 32.Kc1 Bd4 33.Rg1+ Bxg1 1-0

[Event "14th Reykjavik op"]
[Site "Reykjavik ISL"]
[Date "1990.03.28"]
[Round "10"]
[White "Einarsson, Halldor"]
[Black "Howell, James"]
[Result "1-0"]
[WhiteElo "2280"]
[BlackElo "2450"]
[EventDate "1990.03.17"]
[PlyCount "80"]

1.e4 e5 2.Nf3 Nc6 3.Bb5 a6 4.Ba4 Nf6 5.O-O Be7 6.Re1 b5 7.Bb3 O-O 8.a4 Bb7
9.d3 d6 10.Nc3 Na5 11.Ba2 b4 12.Ne2 c5 13.Ng3 Bc8 14.h3 Rb8 15.Nd2 Be6 16.
Nc4 Nc6 17.c3 Nd7 18.f4 exf4 19.Bxf4 Nde5 20.Nf5 b3 21.Bxb3 Rxb3 22.Bxe5 
Nxe5 23.Qxb3 Nxd3 24.Red1 Ne5 25.Qb7 Bxf5 26.Nxe5 Bc8 27.Qc6 Bh4 28.Qxd6 
Qg5 29.Nf3 Qe3+ 30.Kh2 Bf6 31.e5 Bg5 32.Nxg5 Qxg5 33.Qxc5 Bb7 34.Qf2 Qxe5+
35.Qg3 Qf5 36.Rd4 h5 37.Rad1 g5 38.h4 f6 39.Rd8 Qe6 40.Rxf8+ 1-0

[Event "14th Reykjavik op"]
[Site "Reykjavik ISL"]
[Date "1990.03.28"]
[Round "10"]
[White "Hansson, Dan"]
[Black "Winsnes, Rikard"]
[Result "0-1"]
[WhiteElo "2270"]
[BlackElo "2385"]
[EventDate "1990.03.17"]
[PlyCount "76"]

1.e4 e6 2.d4 d5 3.Nc3 Bb4 4.e5 c5 5.a3 Bxc3+ 6.bxc3 Ne7 7.Qg4 Qc7 8.Qxg7 
Rg8 9.Qxh7 cxd4 10.Ne2 Nbc6 11.f4 Bd7 12.Qd3 dxc3 13.Nxc3 Nf5 14.Nb5 Qd8 
15.a4 a6 16.Nd6+ Nxd6 17.exd6 Qb6 18.Bd2 Nb4 19.Qh7 O-O-O 20.c3 Nc6 21.Qd3
Na5 22.Rb1 Qxd6 23.Qd4 Bc6 24.Be3 Nc4 25.Bf2 Qa3 26.h4 Qa2 27.Rd1 e5 28.
fxe5 Nxe5 29.Be2 Rde8 30.Kf1 f5 31.Re1 f4 32.h5 f3 33.gxf3 Bxa4 34.h6 Nxf3
35.Qc5+ Kd7 36.Be3 Ref8 37.Bxf3 Rxf3+ 38.Bf2 Bb5+ 0-1